Lanean...
Proceedings of the high lysine corn conference
| Egile nagusia: | |
|---|---|
| Beste egile batzuk: | |
| Formatua: | Printed Book |
| Hizkuntza: | Undetermined English |
| Argitaratua: |
Washington
Corn refiners Association Inc
1966
|
| Gaiak: |
| LEADER | 00512nam a2200157Ia 4500 | ||
|---|---|---|---|
| 008 | 140306s9999 xx 000 0 und d | ||
| 041 | |a eng | ||
| 100 | |a Merz, Timothy | ||
| 245 | |a Proceedings of the high lysine corn conference | ||
| 260 | |a Washington |b Corn refiners Association Inc |c 1966 | ||
| 300 | |a 186 | ||
| 650 | |a Lysine corn conference | ||
| 700 | |a Nelson, Oliver E | ||
| 942 | |2 ddc |c BK | ||
| 999 | |c 66342 |d 66342 | ||
| 952 | |0 0 |1 0 |2 ddc |4 0 |7 0 |9 72684 |a KAUACV |b KAUACV |d 2004-05-26 |p KAU_ACV-F 1294 |r 2014-03-22 |w 2014-03-22 |y BK | ||